000 00340nam a22001577a 4500
003 SGT
020 _a9783662499917
082 _a617.522
_bC13B
100 _aBerkowitz, Samuel
245 _aCleft Lip & palate
250 _a3rd
260 _bSpringer
_c2013
300 _a982
650 _aOral & Maxillofacial Surgery
942 _2ddc
_cBK
999 _c26871
_d26871